Normal view
MARC view
- القانون الدولي الانساني - المحاكم الجنائبة الدولية
Entry Topical Term
001 - CONTROL NUMBER
- control field: 45955
003 - CONTROL NUMBER IDENTIFIER
- control field: JO-AjAnu
005 - DATE AND TIME OF LATEST TRANSACTION
- control field: 20230606081610.0
008 - FIXED-LENGTH DATA ELEMENTS
- fixed length control field: 230606|| aca||aabn | a|a d
040 ## - CATALOGING SOURCE
- Original cataloging agency: JO-AjAnu
- Transcribing agency: JO-AjAnu
150 ## - HEADING--TOPICAL TERM
- Topical term or geographic name entry element: القانون الدولي الانساني - المحاكم الجنائبة الدولية
670 ## - SOURCE DATA FOUND
- Source citation: Work cat.: (JO-AjAnu)23525: اللجنة الدولية للصليب الاحمر, author 45954, المحكمة الجنائية الدولية وتوسيع نطاق القانون الدولي الإنساني: ندوة تحت رعاية الاستاذ الدكتور هاني مرتضى 12-14 كانون الاول 2003